| 000 | 00824nam a2200253Ia 4500 | ||
|---|---|---|---|
| 003 | OSt | ||
| 005 | 20220925223529.0 | ||
| 006 | a|||||r|||| 00| 0 | ||
| 007 | ta | ||
| 008 | 220923b |||||||| |||| 00| 0 eng d | ||
| 020 |
_a9780415553773 _c505.75 |
||
| 037 |
_bRTL09-10/010, 16/12/2009, INDEPENDENT PUBLISHERS GROUP _cGeneral Book |
||
| 040 |
_aRTL _cRTL _beng |
||
| 041 |
_2eng _aeng |
||
| 082 | _aY:393:(D65,45), Q0 | ||
| 100 |
_aMunshi Shoma _930318 |
||
| 245 | 0 | _aPrime time soap operas on Indian television. | |
| 260 |
_aLondon _bRoutledge _c2010 |
||
| 300 |
_axv, 312p _ccm. |
||
| 500 | _aBibliography: P. 276-303 | ||
| 650 | _aSociology | ||
| 942 |
_hY:393:(D65,45), Q0 _cGB _2CC |
||
| 999 |
_c579818 _d579818 |
||